[Event "GER CupT"]
[Site "Germany"]
[Date "2010.02.20"]
[Round "1"]
[White "Gorjatschnik, Dimitri"]
[Black "Wegerle, Joerg"]
[Result "0-1"]
[WhiteElo "2235"]
[BlackElo "2450"]
[PlyCount "166"]
[EventDate "2010.02.20"]
[EventType "team-tourn"]
[EventRounds "2"]
[EventCountry "GER"]
[SourceTitle "CBM 135 Extra"]
[Source "ChessBase"]
[SourceDate "2010.05.04"]
[SourceVersion "1"]
[SourceVersionDate "2010.05.04"]
[SourceQuality "1"]

1. d4 d5 2. c4 dxc4 3. Nf3 Nf6 4. e3 Be6 5. Na3 Bd5 6. Nxc4 e6 7. Bd3 c5 8. 0-0 Nc6 9. dxc5 Bxc5 10. a3 Bxf3 11. gxf3 b5 12. b4 bxc4 13. Qa4 Rc8 14. Bxc4 Be7 15. Ba6 Rc7 16. b5 Nb8 17. b6+ Rd7 18. Bb5 axb6 19. Rd1 0-0 20. Bxd7 Nbxd7 21. Bb2 Qc7 22. f4 Qb7 23. Rac1 Nc5 24. Qb5 Qf3 25. Qf1 Nd5 26. Qg2 Qxg2+ 27. Kxg2 f5 28. Rc2 Ra8 29. Kf3 Kf7 30. h3 Ne4 31. Rd3 Bc5 32. Rb3 Ra4 33. Ke2 g6 34. Kd1 Ke7 35. Ke2 Kd7 36. Rc1 Nd6 37. Kd3 Ne4 38. Ke2 Nd6 39. Kd3 Nb7 40. Ke2 Na5 41. Rd3 Nc4 42. Bd4 Bd6 43. h4 Bxa3 44. Rxc4 Rxc4 45. Rxa3 Nxf4+ 46. Kf3 Nd5 47. Ra8 Rc8 48. Ra7+ Rc7 49. Ra8 Rb7 50. Rh8 Kd6 51. e4 fxe4+ 52. Kxe4 Rf7 53. Be5+ Kc5 54. Rc8+ Kb5 55. f4 Rd7 56. Re8 Nc7 57. Bxc7 Rxc7 58. Rxe6 Rc4+ 59. Kf3 Rc6 60. Re1 Rf6 61. Kg4 Rf7 62. Rb1+ Kc6 63. Rc1+ Kd5 64. Rd1+ Kc4 65. Rc1+ Kd3 66. Rb1 Rb7 67. h5 b5 68. hxg6 hxg6 69. Rd1+ Kc3 70. Rc1+ Kd2 71. Rc6 b4 72. Rxg6 b3 73. Rd6+ Ke2 74. Re6+ Kf2 75. Rh6 b2 76. Rh1 b1Q 77. Rxb1 Rxb1 78. f5 Ke3 79. f6 Rf1 80. Kg5 Ke4 81. Kg6 Ke5 82. f7 Ke6 83. f8N+ Rxf8 0-1